00804 a2200241 4500010001400000020002300014020001800037035001300055037001800068082000800086090001500094100002100109245006300130250001200193260005000205270005000255300003100305490004400336650001200380942002300392999001500415952013200430 aENG-86201 a0070655546c275.00 a9780070655545 aEN-69734 bD.B.Act / Pub14a530 c4305d43051 aMalhotra, Stalin1 aQuestion bank in physicscby Stalin Malhotrabfor class XI a5th ed. aNew DelhibTata McGraw-Hill Publishingcc2007 a7, West Patel NagarbNew DelhicDelhie110008 axiii, 514 p.c24 cm. (Pbk) aTata McGraw-Hill's question bank series 0aPhysics adplcENk530 / BHA c4222d4222 00102ddc40718NFICaDBADbDBADeDBAD/PUBg275.00l0o530 MALpEN-69734r2008-09-15 00:00:00t1u4471v275.00w2008-09-15yEN